| 000 | 00966cam a22003373a 4500 | ||
|---|---|---|---|
| 001 | 13315475 | ||
| 003 | OSt | ||
| 005 | 20140310181651.0 | ||
| 008 | 940315s1994 nyu j 000 1 eng d | ||
| 010 | _a 2003586883 | ||
| 020 | _a0590477404 | ||
| 035 | _a(OCoLC)ocm29967797 | ||
| 040 |
_aJBL _cJBL _dSLC _dDLC |
||
| 042 | _alccopycat | ||
| 050 | 0 | 0 |
_aPZ 7 _b.St859 1994 |
| 082 |
_aKF# _bSt5m #18 |
||
| 100 | 1 |
_aStine, R. L. _93762 |
|
| 245 | 1 | 0 |
_aMonster blood II / _cR.L. Stine. |
| 260 |
_aNew York : _bScholastic Inc., _cc1994. |
||
| 300 |
_a121 p. _c20 cm. |
||
| 490 | 1 |
_aGoosebumps ; _v#18 |
|
| 541 | _j1 | ||
| 562 | _e1 | ||
| 650 | 0 |
_aGhosts _xFiction _95052 |
|
| 650 | 0 |
_aHorror stories _93825 |
|
| 655 | 7 |
_aHorror fiction. _2gsafd _93405 |
|
| 655 | 7 |
_aFantasy fiction. _2gsafd _93053 |
|
| 710 | 2 |
_aCopyright Paperback Collection (Library of Congress) _5DLC _9705 |
|
| 800 | 1 |
_aStine, R. L. _tGoosebumps ; _v#18. _95053 |
|
| 942 |
_2lcc _cBK-KF _kKF |
||
| 999 |
_c1001 _d1001 |
||